<?xml version="1.0" encoding="UTF-8"?>
<collection xmlns="http://www.loc.gov/MARC21/slim">
  <record>
    <leader>00000nam  2200000   4500</leader>
    <datafield tag="247" ind1="#" ind2="#">
      <subfield code="a"/>
    </datafield>
    <datafield tag="856" ind1="#" ind2="#">
      <subfield code="a">Perpustakaan Pusat LAN</subfield>
    </datafield>
    <datafield tag="700" ind1=" " ind2="#">
      <subfield code="a"/>
    </datafield>
    <datafield tag="650" ind1=" " ind2="#">
      <subfield code="a">kebijakan strategis daerah</subfield>
    </datafield>
    <datafield tag="650" ind1=" " ind2="#">
      <subfield code="a">Kalimantan Timur</subfield>
    </datafield>
    <datafield tag="520" ind1=" " ind2="#">
      <subfield code="a"/>
    </datafield>
    <datafield tag="321" ind1="#" ind2="#">
      <subfield code="a"/>
    </datafield>
    <datafield tag="310" ind1="#" ind2="#">
      <subfield code="a"/>
    </datafield>
    <datafield tag="300" ind1="#" ind2="#">
      <subfield code="a">v, 109 halaman</subfield>
      <subfield code="b"/>
      <subfield code="c">21 cm</subfield>
      <subfield code="e"/>
    </datafield>
    <datafield tag="260" ind1="#" ind2="#">
      <subfield code="a">Samarinda</subfield>
      <subfield code="b">Pusat Kajian dan Pendidikan dan Pelatihan Aparatur III LAN Samarinda</subfield>
      <subfield code="c">2006</subfield>
    </datafield>
    <controlfield tag="001">$a INLIS000000000020842</controlfield>
    <datafield tag="245" ind1="#" ind2="#">
      <subfield code="a">Sinergi agenda litbang dalam mendukung kebijakan strategis daerah (jakstrada) Kalimantan Timur</subfield>
      <subfield code="b"/>
      <subfield code="c">Pusat Kajian dan Pendidikan dan Pelatihan Aparatur III LAN Samarinda</subfield>
    </datafield>
    <datafield tag="100" ind1=" " ind2="#">
      <subfield code="a"/>
    </datafield>
    <datafield tag="084" ind1="#" ind2="#">
      <subfield code="a">R.352.598.33 Ind s</subfield>
    </datafield>
    <datafield tag="082" ind1="#" ind2="#">
      <subfield code="a">352.598.33</subfield>
    </datafield>
    <datafield tag="035" ind1="#" ind2="#">
      <subfield code="a">0010-0326000005</subfield>
    </datafield>
    <datafield tag="020" ind1="#" ind2="#">
      <subfield code="a">9789791176064</subfield>
    </datafield>
    <controlfield tag="008">$a 260326################g##########0#ind##</controlfield>
    <controlfield tag="005">$a 20260326115625</controlfield>
  </record>
</collection>
